00571nam a22002177a 450000500170000001000110001702000180002803500110004603700160005704000120007308200150008510000210010024500360012124600060015726000340016327000370019730000200023450000540025465000270030865000180033520170124105919.0 a550301 c00a224617834 a550301 bCen Lib/Ret aDPLbEN a301.1bMOR aMorris, Desmond  aHuman zoo /cby Desmond Morris  b  bJonathan cape aLondon c1966 bLondon a30, bedford road square a256p.c21cm(Hb) aIncludes appendix and bibliographical references  aInfluences xMind kind aCircumtances